Nociones de jeometría

Gespeichert in:
Bibliographische Detailangaben
1. Verfasser: Moyano, Nicanor
Format: Buch
Sprache:Spanisch
Erschienen: Santiago Imprenta de el independiente 1890
Katalog:MANES:  Suchergebnis im Bibliothekskatalog
Schulbuchspezifische Eigenschaften:
Tags: Tag hinzufügen
Keine Tags, Fügen Sie den ersten Tag hinzu!
Hinzugefügt zu:05.06.2022
Geändert in:25.04.2025

MARC

LEADER 00000nam a22000007a 4500
005 20250425101531.0
008 220606b |||||||| |||| 00| 0 spa d
040 |a MGM 
100 |9 35483  |a Moyano, Nicanor 
245 |a Nociones de jeometría  
260 |a Santiago  |b Imprenta de el independiente  |c 1890 
300 |a 78 p.  |c 15,6 x 11,5 cm. 
546 |a Chile 
561 |5 cl-MGM  |3 T 516 M938n 1890  |a Chile. Museo Gabriela Mistral  |k MANES 
690 |a MATE 
691 |a SE 
942 |2 ddc  |c BK 
999 |c 99641  |d 99641 
999 |c manes:99641  |d 99641